000 00719nam a2200181Ia 4500
008 100920s9999 xx 000 0 und d
082 _b24156
_a51 थ 71
100 _aदेवगिरीकर त्र्यं. र.
245 _aवल्लभभाई पटेल चरित्र व काळ.
260 _bभारत गौरव ग्रंथ-माला, मुंबई 2.
_c1971
300 _a424
_bसाधी
365 _b16
520 _aचरित्र.
630 _aवल्लभभाई पटेल चरित्र व काळ.
650 _aचरित्र.
730 _aवल्लभभाई पटेल चरित्र व काळ.
942 _cBOOK
999 _c682711
_d682708